| 000 | 01445cam a22003251i 4500 | ||
|---|---|---|---|
| 003 | SA-RiAUC | ||
| 005 | 20250603112820.0 | ||
| 008 | 250603s1971 su g b 000 0 ara c | ||
| 040 |
_aSA-JeALM _bara _cSA-RiAUC _erda |
||
| 050 | 4 | _b.I26 1971 | |
| 082 | 0 | 4 | _a330.121 |
| 090 |
_a330.121 _b ا ب ن م |
||
| 100 | 1 |
_aابن منيع، عبد الله بن سليمان بن محمد، _d1349 هجري- _eمؤلف. |
|
| 245 | 1 | 2 |
_aالورق النقدي : _bتاريخه، حقيقته، قيمته، حكمه / _cعبد الله بن سليمان بن منيع. |
| 250 | _aالطبعة الأولى. | ||
| 264 | 1 |
_aالرياض : _bعبد الله بن سليمان بن منيع، _c1971 |
|
| 264 | 3 |
_aالرياض : _bمطابع الرياض |
|
| 300 |
_a190 صفحة ؛ _c24 سم |
||
| 336 |
_aنص _btxt _2rdacontent _3كتاب |
||
| 337 |
_aبدون وسيط _bn _2rdamedia |
||
| 338 |
_aمجلد _bnc _2rdacarrier |
||
| 500 | _aإهداء من المؤلف عبد الله بن سليمان بن منيع بتاريخ 1391/3/20 هـ | ||
| 504 | _aيشتمل على إرجاعات ببليوجرافية. | ||
| 650 | 7 |
_aالنقود الورقية _xتاريخ _2aucsh |
|
| 650 | 7 |
_aالسياسة النقدية _2aucsh |
|
| 650 | 7 |
_aالاقتصاد الإسلامي _2aucsh |
|
| 650 | 7 |
_aالنقود الورقية (فقه إسلامي) _2aucsh |
|
| 942 |
_2ddc _cBOOK _n0 |
||
| 949 |
_aSA-JeALM _d250603 _umohamedma123 _n1 |
||
| 999 |
_c8686 _d8686 |
||